00358nam a22001457a 450000500170000002000180001710000150003524500340005026000320008430000120011665000260012865000200015465000210017470000170019520260113120332.0 a9781498774789 aAjit Kumar aBasic course in real analysis aBoca RatonbCRC pressc2022 axix+302 aMathematical analysis aInfinite series aRiemann integral aKumaresan, S